al-Qahirah = Kairo = Cairo : musharakat al-ahali fi al-irtiqa bi-al-ahya al-tarikhiyah = Burgerbeteiligung bei der altstadtsanierung = citizens' participation in the renovation of the old town /
محفوظ في:
المؤلف الرئيسي:
مؤلفون مشاركون: ,
مؤلفون آخرون: ,
التنسيق: كتاب
اللغة:
Arabic
German
English
منشور في:
al-Qahirah :
Mahad Jutah,
1997.
الموضوعات:
الوسوم: إضافة وسم
لا توجد وسوم, كن أول من يضع وسما على هذه التسجيلة!
رقم الطلب: ( F )HT169 .E3 C321 1997
| LEADER | 01510cam a2200349Ma 4500 | ||
|---|---|---|---|
| 001 | ocm60498271 | ||
| 003 | OSt | ||
| 005 | 20240421101705.0 | ||
| 008 | 040504s1997 ua abek t 100 0 ara d | ||
| 999 | |c 57180 |d 57180 | ||
| 040 | |c ARCE Library | ||
| 041 | 1 | |a ger |a eng |a ara | |
| 043 | |a f-ua--- | ||
| 050 | 4 | |a ( F )HT169 .E3 C321 1997 | |
| 100 | 1 | |a Abduh, Ahmad. | |
| 245 | 1 | 3 | |a al-Qahirah = |b Kairo = Cairo : musharakat al-ahali fi al-irtiqa bi-al-ahya al-tarikhiyah = Burgerbeteiligung bei der altstadtsanierung = citizens' participation in the renovation of the old town / |c al-muʼllifūn, Ahṃad ʻAbduh, Hīrbīrt Kāllamayir, Kilāws Shūltis. |
| 246 | 1 | 1 | |a Kairo : |b Burgerbeteiligung bel der altstadtsanierung. |
| 246 | 1 | 1 | |a Cairo : |b citizens' participation in the renovation of the old town. |
| 260 | |a al-Qahirah : |b Mahad Jutah, |c 1997. | ||
| 300 | |a 75 pages : |b illustrations, maps, plans, forms ; |c 33 cm. | ||
| 546 | |a Parallel text in German and English. | ||
| 650 | 0 | |a Community development |z Egypt |z Cairo. | |
| 650 | 0 | |a Community development, Urban |z Egypt |z Cairo. | |
| 650 | 0 | |a Architects and community |z Egypt |z Cairo. | |
| 650 | 0 | |a Architecture |x Conservation and restoration |z Egypt |z Cairo. | |
| 651 | 0 | |a Cairo (Egypt) |x Buildings, structures, etc. |x Conservation and restoration. | |
| 700 | 1 | |a Kallmayer, Herbert. | |
| 700 | 1 | |a Schultz, Klaus J. | |
| 710 | 2 | |a Goethe-Institute (Cairo, Egypt) | |
| 710 | 2 | |a Jamiat Hulwan. |b Kulliyat al-Funun al-Jamilah. | |
| 901 | |a reviewed | ||
| 942 | |2 lcc |c BK | ||
